<?xml version="1.0" encoding="UTF-8"?>
<record
    xmlns:xsi="http://www.w3.org/2001/XMLSchema-instance"
    xsi:schemaLocation="http://www.loc.gov/MARC21/slim http://www.loc.gov/standards/marcxml/schema/MARC21slim.xsd"
    xmlns="http://www.loc.gov/MARC21/slim">

  <leader>00885nam a22002417a 4500</leader>
  <controlfield tag="005">20150305092908.0</controlfield>
  <controlfield tag="008">150305b        sp||||| |||| 00| 0 spa d</controlfield>
  <datafield tag="020" ind1=" " ind2=" ">
    <subfield code="a">8476153058</subfield>
  </datafield>
  <datafield tag="050" ind1="0" ind2="4">
    <subfield code="a">QL362</subfield>
    <subfield code="b">L56 1989</subfield>
  </datafield>
  <datafield tag="100" ind1="1" ind2=" ">
    <subfield code="a">Lincoln, Roger</subfield>
  </datafield>
  <datafield tag="245" ind1="1" ind2="0">
    <subfield code="a">Invertebrados :</subfield>
    <subfield code="b">gu&#xED;a de captura y conservaci&#xF3;n /</subfield>
    <subfield code="c">Roger Lincoln, Gordon Sheals ; traducci&#xF3;n Fernando Pardos Mart&#xED;nez, Jes&#xFA;s Ben&#xED;to Salido, Manuel Maldonado Barahona.</subfield>
  </datafield>
  <datafield tag="250" ind1=" " ind2=" ">
    <subfield code="a">1a ed.</subfield>
  </datafield>
  <datafield tag="260" ind1=" " ind2=" ">
    <subfield code="a">Madrid, Espa&#xF1;a :</subfield>
    <subfield code="b">McGraw-Hill Interamericana de Espa&#xF1;a :</subfield>
    <subfield code="c">1989</subfield>
  </datafield>
  <datafield tag="300" ind1=" " ind2=" ">
    <subfield code="a">ix, 205 p. :</subfield>
    <subfield code="b">il. ;</subfield>
    <subfield code="c">20 cm.</subfield>
  </datafield>
  <datafield tag="500" ind1=" " ind2=" ">
    <subfield code="a">Traducci&#xF3;n de : Invertebrate animals</subfield>
  </datafield>
  <datafield tag="504" ind1=" " ind2=" ">
    <subfield code="a">Incluye &#xED;ndice</subfield>
  </datafield>
  <datafield tag="650" ind1=" " ind2="4">
    <subfield code="a">Invertebrados</subfield>
  </datafield>
  <datafield tag="700" ind1="1" ind2=" ">
    <subfield code="a">Sheals,Gordon,</subfield>
    <subfield code="e">coaut.</subfield>
  </datafield>
  <datafield tag="700" ind1="1" ind2=" ">
    <subfield code="a">Pardos Mart&#xED;nez, Fernando,</subfield>
    <subfield code="e">tr.</subfield>
  </datafield>
  <datafield tag="700" ind1="1" ind2=" ">
    <subfield code="a">Salido,Jes&#xFA;s Ben&#xED;to,</subfield>
    <subfield code="e">tr.</subfield>
  </datafield>
  <datafield tag="700" ind1="1" ind2=" ">
    <subfield code="a">Maldonado Barahona, Manuel,</subfield>
    <subfield code="e">tr.</subfield>
  </datafield>
  <datafield tag="942" ind1=" " ind2=" ">
    <subfield code="2">lcc</subfield>
    <subfield code="c">LIB</subfield>
  </datafield>
  <datafield tag="999" ind1=" " ind2=" ">
    <subfield code="c">89540</subfield>
    <subfield code="d">89540</subfield>
  </datafield>
  <datafield tag="952" ind1=" " ind2=" ">
    <subfield code="1">0</subfield>
    <subfield code="2">lcc</subfield>
    <subfield code="4">0</subfield>
    <subfield code="7">8</subfield>
    <subfield code="a">LIC-032</subfield>
    <subfield code="b">LIC-032</subfield>
    <subfield code="c">GENERAL</subfield>
    <subfield code="d">2015-03-05</subfield>
    <subfield code="f">1a ed.</subfield>
    <subfield code="i">CBA</subfield>
    <subfield code="k">CNE</subfield>
    <subfield code="o">QL362 L56 1989</subfield>
    <subfield code="p">BFB000001212</subfield>
    <subfield code="r">2015-03-05 00:00:00</subfield>
    <subfield code="t">C:1</subfield>
    <subfield code="y">LIB</subfield>
  </datafield>
  <datafield tag="952" ind1=" " ind2=" ">
    <subfield code="1">0</subfield>
    <subfield code="2">lcc</subfield>
    <subfield code="4">0</subfield>
    <subfield code="7">0</subfield>
    <subfield code="a">LIC-032</subfield>
    <subfield code="b">LIC-032</subfield>
    <subfield code="c">GENERAL</subfield>
    <subfield code="d">2016-01-30</subfield>
    <subfield code="f">1a. ed.</subfield>
    <subfield code="i">CBA</subfield>
    <subfield code="k">CNE</subfield>
    <subfield code="l">3</subfield>
    <subfield code="m">1</subfield>
    <subfield code="o">QL362 L56 1989</subfield>
    <subfield code="p">BFB000004088</subfield>
    <subfield code="r">2019-06-21 00:00:00</subfield>
    <subfield code="s">2019-06-17</subfield>
    <subfield code="t">C:1</subfield>
    <subfield code="v">1.00</subfield>
    <subfield code="y">LIB</subfield>
  </datafield>
</record>
